[Event "St Petersburg Korchnoi Memorial op"]
[Site "St Petersburg"]
[Date "2023.08.21"]
[Round "6"]
[White "Marchuk, Rostislav"]
[Black "Rubtsov, Aleksandr1111"]
[Result "1/2-1/2"]
[WhiteElo "1998"]
[BlackElo "1789"]
[PlyCount "66"]
[EventDate "2023.08.18"]
[EventType "swiss"]
[EventRounds "9"]
[EventCountry "RUS"]
[SourceTitle "EXT 2024"]
[Source "ChessBase"]
[SourceDate "2023.10.10"]
[SourceVersion "1"]
[SourceVersionDate "2023.10.10"]
[SourceQuality "1"]

1. d4 d5 2. Nf3 Nf6 3. Bf4 c5 4. e3 Nc6 5. Nbd2 cxd4 6. exd4 Qb6 7. Nb3 Bf5 8. a4 a5 9. Bb5 e6 10. Ne5 Be7 11. g4 Bg6 12. h4 h5 13. g5 Ne4 14. Nxg6 fxg6 15. Bd3 0-0 16. Be3 Nb4 17. Be2 Qc7 18. c3 Nc6 19. Bd3 Bd6 20. Bxe4 dxe4 21. Qc2 Bf4 22. 0-0-0 Qb6 23. Nc5 Bxe3+ 24. fxe3 Ne5 25. Qxe4 Rf2 26. b3 Rc8 27. Qxe5 Qxb3 28. Nxb3 Rxc3+ 29. Kb1 Rxb3+ 30. Kc1 Rc3+ 31. Kb1 Rb3+ 32. Kc1 Rc3+ 33. Kb1 Rb3+ 1/2-1/2

[Event "St Petersburg Korchnoi Memorial op"]
[Site "St Petersburg"]
[Date "2023.08.21"]
[Round "5"]
[White "Vlasova, Olesia"]
[Black "Marchuk, Rostislav"]
[Result "1/2-1/2"]
[WhiteElo "1827"]
[BlackElo "1998"]
[PlyCount "60"]
[EventDate "2023.08.18"]
[EventType "swiss"]
[EventRounds "9"]
[EventCountry "RUS"]
[SourceTitle "EXT 2024"]
[Source "ChessBase"]
[SourceDate "2023.10.10"]
[SourceVersion "1"]
[SourceVersionDate "2023.10.10"]
[SourceQuality "1"]

1. d4 d5 2. c4 e6 3. Nf3 Nf6 4. g3 Bb4+ 5. Bd2 Bd6 6. Bg2 c6 7. 0-0 Ne4 8. Bc1 0-0 9. b3 Nd7 10. Qc2 f5 11. Ba3 Bxa3 12. Nxa3 Qe7 13. Qb2 b6 14. Rac1 Bb7 15. Rfd1 Rac8 16. e3 g5 17. b4 f4 18. exf4 gxf4 19. Nb1 fxg3 20. fxg3 Qg7 21. Qe2 c5 22. bxc5 bxc5 23. Nbd2 Qg4 24. Qe3 Nxd2 25. Rxd2 dxc4 26. Qg5+ Qxg5 27. Nxg5 Bd5 28. dxc5 Rf5 29. Ne4 Bxe4 30. Bxe4 Rfxc5 1/2-1/2

[Event "Barnaul Kura Memorial"]
[Site "Barnaul"]
[Date "2023.02.25"]
[Round "1"]
[White "Marchuk, Rostislav"]
[Black "Kapustnikov, Alexander"]
[Result "1-0"]
[WhiteElo "2040"]
[BlackElo "1306"]
[PlyCount "38"]
[EventDate "2023.02.25"]
[EventType "swiss (rapid)"]
[EventRounds "11"]
[EventCountry "RUS"]
[SourceTitle "CBM 213 Extra"]
[Source "ChessBase"]
[SourceDate "2023.05.31"]
[SourceVersion "1"]
[SourceVersionDate "2023.05.31"]
[SourceQuality "1"]

1. d4 d5 2. c4 e6 3. Nc3 Nf6 4. Bf4 a6 5. c5 b6 6. b4 Bb7 7. e3 Be7 8. Bd3 c6 9. Nge2 Nh5 10. g4 Nxf4 11. exf4 Nd7 12. 0-0 a5 13. a3 Ba6 14. Ng3 f6 15. Re1 Kf7 16. Bxa6 Rxa6 17. Qe2 Nb8 18. Qxe6+ Kf8 19. Nf5 Ra7 1-0

[Event "Moscow op-A 18th"]
[Site "Moscow"]
[Date "2022.07.15"]
[Round "2"]
[White "Ponkratov, Pavel"]
[Black "Marchuk, Rostislav"]
[Result "1-0"]
[WhiteElo "2634"]
[BlackElo "2111"]
[PlyCount "59"]
[EventDate "2022.07.14"]
[EventType "swiss"]
[EventRounds "9"]
[EventCountry "RUS"]
[SourceTitle "CBM 209 Extra"]
[Source "ChessBase"]
[SourceDate "2022.09.30"]
[SourceVersion "1"]
[SourceVersionDate "2022.09.30"]
[SourceQuality "1"]

1. e4 d6 2. d4 Nf6 3. Nc3 e5 4. Nge2 Nbd7 5. h3 h5 6. g3 c6 7. a4 Be7 8. Be3 b6 9. Bg2 a6 10. 0-0 0-0 11. f3 Bb7 12. g4 h4 13. Bf2 Ne8 14. f4 exf4 15. Nxf4 Nc7 16. Nce2 b5 17. c3 Nb6 18. Qb3 Nc4 19. Qc2 Nb6 20. a5 Nd7 21. Rad1 Bg5 22. b4 Re8 23. Kh1 Nf8 24. Nd3 Qe7 25. Ng1 c5 26. d5 c4 27. Nc1 Ng6 28. Nf3 Bf6 29. Bb6 Ne5 30. g5 1-0

[Event "Cheliabinsk Panchenko Memorial op-A"]
[Site "Cheliabinsk"]
[Date "2021.09.17"]
[Round "5"]
[White "Marchuk, Rostislav"]
[Black "Koshulyan, Egor A"]
[Result "1-0"]
[WhiteElo "2165"]
[BlackElo "1960"]
[PlyCount "75"]
[EventDate "2021.09.13"]
[EventType "swiss"]
[EventRounds "10"]
[EventCountry "RUS"]
[SourceTitle "CBM 204 Extra"]
[Source "ChessBase"]
[SourceDate "2021.11.30"]
[SourceVersion "1"]
[SourceVersionDate "2021.11.30"]
[SourceQuality "1"]

1. d4 d5 2. Nf3 Nf6 3. Bf4 c5 4. e3 Nc6 5. Nbd2 cxd4 6. exd4 Bf5 7. Bb5 e6 8. c4 Bd6 9. Ne5 Rc8 10. Qa4 0-0 11. Bxc6 bxc6 12. 0-0 Nh5 13. Bg3 Nxg3 14. hxg3 Qc7 15. Rfe1 Qb7 16. Nb3 Bc2 17. Nf3 Bxb3 18. axb3 Rc7 19. Re3 Rb8 20. c5 Be7 21. Ne1 Bf6 22. Nc2 Re8 23. f4 g6 24. b4 Bg7 25. Qa6 Qa8 26. Ra5 Rce7 27. b5 cxb5 28. Rxb5 f6 29. c6 Rc8 30. Rc3 e5 31. Rxd5 exd4 32. Nxd4 f5 33. Kh2 h5 34. Rc4 Rec7 35. Rd7 Bxd4 36. Rcxd4 Qxc6 37. Qa2+ Kh8 38. Qf7 1-0

[Event "Cheliabinsk Panchenko Memorial op-A"]
[Site "Cheliabinsk"]
[Date "2021.09.13"]
[Round "1"]
[White "Marchuk, Rostislav"]
[Black "Nesterov, Arseniy"]
[Result "0-1"]
[WhiteElo "2165"]
[BlackElo "2483"]
[PlyCount "84"]
[EventDate "2021.09.13"]
[EventType "swiss"]
[EventRounds "10"]
[EventCountry "RUS"]
[SourceTitle "CBM 204 Extra"]
[Source "ChessBase"]
[SourceDate "2021.11.30"]
[SourceVersion "1"]
[SourceVersionDate "2021.11.30"]
[SourceQuality "1"]

1. d4 d5 2. Nf3 Nf6 3. Bf4 Bf5 4. c4 e6 5. Nc3 Bb4 6. Qa4+ Nc6 7. Ne5 0-0 8. Nxc6 Bxc3+ 9. bxc3 Qd7 10. f3 bxc6 11. c5 Rfb8 12. g4 Bg6 13. h4 h6 14. Kf2 Kh8 15. Qa5 Rb7 16. Kg3 h5 17. g5 Ng8 18. Re1 Ne7 19. e3 a6 20. Kf2 Bf5 21. Rh2 Ng6 22. Bg3 e5 23. Kg1 e4 24. fxe4 Bxe4 25. Be2 Rab8 26. Bxh5 Rb1 27. Qxa6 Rxe1+ 28. Bxe1 Rb1 29. Qf1 Qe6 30. a4 Bf5 31. Qf2 Bg4 32. Bxg4 Qxg4+ 33. Kf1 Ne7 34. Rg2 Qe6 35. Qf3 Nf5 36. Re2 Kg8 37. Qf4 Ne7 38. a5 Qh3+ 39. Kg1 Nf5 40. Qh2 Qg4+ 41. Qg2 Ng3 42. Kh2 Qxh4+ 0-1

[Event "Cheliabinsk Kurnosov Memorial Rapid"]
[Site "Cheliabinsk"]
[Date "2021.09.10"]
[Round "2"]
[White "Levin, Evgeny A"]
[Black "Marchuk, Rostislav"]
[Result "1-0"]
[WhiteElo "2485"]
[BlackElo "2165"]
[PlyCount "91"]
[EventDate "2021.09.10"]
[EventType "swiss (rapid)"]
[EventRounds "11"]
[EventCountry "RUS"]
[SourceTitle "CBM 204 Extra"]
[Source "ChessBase"]
[SourceDate "2021.11.30"]
[SourceVersion "1"]
[SourceVersionDate "2021.11.30"]
[SourceQuality "1"]

1. d4 d5 2. c4 e6 3. Nc3 Nf6 4. cxd5 exd5 5. Bg5 c6 6. e3 Qb6 7. Qd2 Ne4 8. Nxe4 dxe4 9. Ne2 Be6 10. Nc3 Qa5 11. Bh4 Bb4 12. Be2 Nd7 13. 0-0 Nb6 14. Qc2 f5 15. a3 Bxc3 16. b4 Qd5 17. Qxc3 0-0 18. a4 a6 19. Bg3 Nc4 20. a5 Nd6 21. Bxd6 Qxd6 22. Qc5 Rad8 23. Qxd6 Rxd6 24. Rac1 Bd5 25. Rc5 f4 26. Rfc1 fxe3 27. fxe3 Rf7 28. Rf1 Rxf1+ 29. Kxf1 Kf7 30. Bg4 Rd8 31. Kf2 Kg6 32. Kg3 Rf8 33. h4 Rf1 34. Bc8 Rf7 35. Rc2 Rc7 36. Bg4 Rf7 37. Rf2 Re7 38. Rf8 Be6 39. Be2 Rf7 40. Rxf7 Bxf7 41. Bg4 Bd5 42. Bc8 c5 43. bxc5 Kf6 44. Kf4 h6 45. h5 Bc6 46. Bf5 1-0

[Event "RUS-ch U20"]
[Site "Loo"]
[Date "2021.04.27"]
[Round "7"]
[White "Marchuk, Rostislav"]
[Black "Akhtariev, Andrey"]
[Result "1-0"]
[WhiteElo "2080"]
[BlackElo "2190"]
[PlyCount "77"]
[EventDate "2021.04.21"]
[EventType "swiss"]
[EventRounds "9"]
[EventCountry "RUS"]
[SourceTitle "CBM 202 Extra"]
[Source "ChessBase"]
[SourceDate "2021.07.31"]
[SourceVersion "1"]
[SourceVersionDate "2021.07.31"]
[SourceQuality "1"]

1. d4 Nf6 2. Nf3 e6 3. Bf4 b6 4. e3 Bb7 5. Nbd2 d6 6. a4 a5 7. Bb5+ Nbd7 8. h3 Qe7 9. 0-0 h6 10. Qe2 c6 11. Bc4 e5 12. dxe5 dxe5 13. Bh2 g6 14. Ba2 Ba6 15. Bc4 Bb7 16. Rfd1 Bg7 17. Ba2 e4 18. Nd4 Ne5 19. Ne6 fxe6 20. Bxe5 Nd5 21. Bxg7 Qxg7 22. Qg4 0-0-0 23. Qxe6+ Kb8 24. Bxd5 Rxd5 25. Nc4 Rhd8 26. Rxd5 Rxd5 27. c3 Ka7 28. Qxe4 Qf7 29. Qc2 c5 30. e4 Rg5 31. Qd3 Qf4 32. Re1 Qc7 33. Nd6 Kb8 34. f4 Rh5 35. Nb5 Qe7 36. Qd6+ Qxd6 37. Nxd6 Bc6 38. e5 Bxa4 39. Kh2 1-0

[Event "RUS-ch U20"]
[Site "Loo"]
[Date "2021.04.26"]
[Round "6"]
[White "Shubin, Kirill"]
[Black "Marchuk, Rostislav"]
[Result "1-0"]
[WhiteElo "2466"]
[BlackElo "2080"]
[PlyCount "43"]
[EventDate "2021.04.21"]
[EventType "swiss"]
[EventRounds "9"]
[EventCountry "RUS"]
[SourceTitle "CBM 202 Extra"]
[Source "ChessBase"]
[SourceDate "2021.07.31"]
[SourceVersion "1"]
[SourceVersionDate "2021.07.31"]
[SourceQuality "1"]

1. e4 d6 2. d4 Nf6 3. f3 Nbd7 4. Ne2 e5 5. c4 c6 6. Nbc3 Be7 7. Be3 0-0 8. d5 a6 9. Ng3 Ne8 10. Qd2 g6 11. Bd3 Ng7 12. 0-0 h5 13. b4 h4 14. Nge2 f5 15. c5 f4 16. cxd6 Bxd6 17. dxc6 Bxb4 18. cxd7 fxe3 19. dxc8Q Rxc8 20. Qc2 Bxc3 21. Nxc3 e2 22. Qb3+ 1-0

[Event "Barnaul Kura Memorial"]
[Site "Barnaul"]
[Date "2021.02.28"]
[Round "9"]
[White "Girya, Olga"]
[Black "Marchuk, Rostislav"]
[Result "1/2-1/2"]
[WhiteElo "2432"]
[BlackElo "2059"]
[PlyCount "173"]
[EventDate "2021.02.27"]
[EventType "swiss (rapid)"]
[EventRounds "11"]
[EventCountry "RUS"]
[SourceTitle "CBM 200 Extra"]
[Source "ChessBase"]
[SourceDate "2021.03.31"]
[SourceVersion "1"]
[SourceVersionDate "2021.03.31"]
[SourceQuality "1"]

1. d4 d5 2. c4 e6 3. Nf3 Nf6 4. Nc3 Nbd7 5. cxd5 exd5 6. Bg5 c6 7. e3 Be7 8. Qc2 Nf8 9. Bd3 Ne6 10. Bxf6 Bxf6 11. b4 g6 12. 0-0 a6 13. a4 0-0 14. Qb3 Kg7 15. Rfc1 h5 16. b5 axb5 17. axb5 Rxa1 18. Rxa1 c5 19. Nxd5 cxd4 20. Nxf6 Qxf6 21. exd4 Nxd4 22. Nxd4 Qxd4 23. Rd1 Be6 24. Qb1 Rd8 25. Be2 Qf6 26. Rxd8 Qxd8 27. b6 Bd5 28. Qd3 Qg5 29. Qd4+ Kh7 30. Bf1 Bc6 31. f4 Qf5 32. h3 Qb1 33. Kf2 Qc2+ 34. Kg3 Qb3+ 35. Kh2 Qc2 36. Kg3 Qb3+ 37. Kh4 Qe6 38. Qf2 Qe4 39. Kg3 Kg7 40. Qb2+ Kh7 41. Qd2 Kg7 42. Kf2 Bd5 43. Qe3 Qc2+ 44. Be2 Bc6 45. Qd4+ Kg8 46. Qd8+ Kh7 47. Qe7 Kg8 48. Qe5 Kh7 49. h4 Kg8 50. Qb8+ Kh7 51. Qe5 Kg8 52. g3 Be4 53. Ke3 Bc6 54. Kf2 Qb3 55. Qe3 Qc2 56. Qe5 Qb3 57. Qd4 Qc2 58. Qd8+ Kh7 59. Qe7 Kg8 60. Qd8+ Kh7 61. Qd3 Qc5+ 62. Qe3 Qc2 63. Qe7 Kg8 64. Qb4 Kg7 65. Qd4+ Kg8 66. Qe5 Qb3 67. Qc5 Qb2 68. f5 Qf6 69. Ke3 gxf5 70. Qd4 Qe6+ 71. Kf2 Qg6 72. Qd8+ Kh7 73. Qd4 Be4 74. Qe3 Kg7 75. Bc4 Qf6 76. Be2 Qg6 77. Qc3+ Kh7 78. Qc7 Kg7 79. Qe5+ Kh7 80. Qc7 Kg7 81. Bc4 Qf6 82. Be2 Qd4+ 83. Ke1 Qa1+ 84. Kd2 Qd4+ 85. Ke1 Qa1+ 86. Kd2 Qd4+ 87. Ke1 1/2-1/2

[Event "Barnaul Kura Memorial"]
[Site "Barnaul"]
[Date "2021.02.27"]
[Round "6"]
[White "Marchuk, Rostislav"]
[Black "Kezin, Roman"]
[Result "0-1"]
[WhiteElo "2059"]
[BlackElo "2457"]
[PlyCount "64"]
[EventDate "2021.02.27"]
[EventType "swiss (rapid)"]
[EventRounds "11"]
[EventCountry "RUS"]
[SourceTitle "CBM 200 Extra"]
[Source "ChessBase"]
[SourceDate "2021.03.31"]
[SourceVersion "1"]
[SourceVersionDate "2021.03.31"]
[SourceQuality "1"]

1. d4 d5 2. Nf3 Nf6 3. Bf4 c5 4. e3 Nc6 5. Nbd2 Bg4 6. c3 e6 7. Qa4 Nd7 8. Ne5 Ndxe5 9. Bxe5 Bh5 10. Bb5 Qb6 11. dxc5 Bxc5 12. Bd4 0-0 13. Bxc6 bxc6 14. Nb3 Bxd4 15. cxd4 a5 16. 0-0 Be2 17. Rfc1 Bb5 18. Qa3 a4 19. Nc5 Qc7 20. Qc3 Rfe8 21. Rc2 e5 22. dxe5 Rxe5 23. Rac1 Rae8 24. Nd3 Re4 25. Qd2 d4 26. Nb4 dxe3 27. fxe3 Qb6 28. Kh1 Rxe3 29. Nxc6 Bxc6 30. Rxc6 Qxc6 31. Qxe3 Rxe3 32. Rxc6 Re1# 0-1

[Event "Moscow op-A 16th"]
[Site "Moscow"]
[Date "2020.01.28"]
[Round "4"]
[White "Tsvetkov, Andrey1111"]
[Black "Marchuk, Rostislav"]
[Result "1-0"]
[WhiteElo "2350"]
[BlackElo "2117"]
[PlyCount "193"]
[EventDate "2020.01.25"]
[EventType "swiss"]
[EventRounds "9"]
[EventCountry "RUS"]
[SourceTitle "CBM 194 Extra"]
[Source "ChessBase"]
[SourceDate "2020.03.31"]
[SourceVersion "1"]
[SourceVersionDate "2020.03.31"]
[SourceQuality "1"]

1. d4 d5 2. c4 e6 3. Nc3 Nf6 4. cxd5 exd5 5. Bg5 c6 6. e3 Qb6 7. Qd2 Ne4 8. Nxe4 dxe4 9. Ne2 Be6 10. Nc3 Qa5 11. Bf4 Bb4 12. a3 Nd7 13. Rb1 Bxc3 14. Qxc3 Qxc3+ 15. bxc3 Nb6 16. a4 0-0-0 17. a5 Nd5 18. Bg3 Nxc3 19. Rb2 a6 20. Kd2 Nb5 21. Be2 Kd7 22. Rc1 Ke7 23. f3 Bd5 24. h4 f6 25. h5 Rd7 26. Bh4 Re8 27. Rbc2 Kf7 28. Rf1 exf3 29. gxf3 Rde7 30. Bxb5 axb5 31. e4 Bc4 32. Ra1 Rd7 33. Ke3 Rd5 34. h6 Rh5 35. Bg3 Rxh6 36. a6 bxa6 37. Rxa6 f5 38. Be5 fxe4 39. fxe4 Rh3+ 40. Kf4 Rh4+ 41. Ke3 Rh3+ 42. Kf4 Rf8 43. Bd6 Re8 44. Be5 Rf8 45. Bd6 Rg8 46. d5 cxd5 47. exd5 g5+ 48. Kg4 Rh4+ 49. Kg3 Kg6 50. Be7+ Kf5 51. Rf6+ Ke4 52. d6 Kd3 53. Rff2 Re4 54. Bf6 Re3+ 55. Kg2 Bd5+ 56. Kf1 Be6 57. Rcd2+ Kc4 58. Rd4+ Kb3 59. d7 Bh3+ 60. Kg1 Bxd7 61. Rxd7 b4 62. Rc7 Rge8 63. Rb2+ Ka4 64. Kf2 Rh3 65. Ra7+ Kb5 66. Rb7+ Kc6 67. R2xb4 g4 68. R7b6+ Kc5 69. R6b5+ Kc6 70. Rb6+ Kc5 71. R6b5+ Kc6 72. Rf5 Rf3+ 73. Rxf3 gxf3 74. Bg5 Rf8 75. Bf4 Kc5 76. Ra4 Rf7 77. Kxf3 Kb5 78. Ra8 Kc6 79. Kg4 h5+ 80. Kg5 Rh7 81. Kg6 Re7 82. Kxh5 Kd5 83. Kg4 Kd4 84. Kf3 Rf7 85. Rd8+ Kc5 86. Ke4 Kc4 87. Be5 Rf1 88. Rc8+ Kb5 89. Kd5 Rh1 90. Rb8+ Ka4 91. Kc4 Ka5 92. Rb3 Ka6 93. Bd6 Rc1+ 94. Kd5 Rd1+ 95. Kc6 Rc1+ 96. Bc5 Ra1 97. Rb8 1-0

[Event "Khanty-Mansiysk Governor Cup rapid 15th"]
[Site "Khanty-Mansiysk"]
[Date "2019.11.28"]
[Round "11"]
[White "Kryakvin, Dmitry"]
[Black "Marchuk, Rostislav"]
[Result "1/2-1/2"]
[WhiteElo "2596"]
[BlackElo "2117"]
[PlyCount "212"]
[EventDate "2019.11.26"]
[EventType "swiss (rapid)"]
[EventRounds "11"]
[EventCountry "RUS"]
[SourceTitle "EXT 2021"]
[Source "ChessBase"]
[SourceDate "2020.10.23"]
[SourceVersion "1"]
[SourceVersionDate "2020.10.23"]
[SourceQuality "1"]

1. d4 d5 2. c4 e6 3. Nf3 Nf6 4. Bg5 Be7 5. e3 Nbd7 6. Nc3 0-0 7. Qc2 a6 8. Rd1 dxc4 9. Bxc4 h6 10. Bxf6 Nxf6 11. 0-0 b5 12. Bd3 Bb7 13. Ne4 Qd5 14. Nxf6+ Bxf6 15. a3 Rfc8 16. b4 a5 17. Qc3 axb4 18. axb4 Be7 19. Rb1 Ra4 20. Rfc1 Qd6 21. Bxb5 Rxb4 22. Rxb4 Qxb4 23. Qxb4 Bxb4 24. Bc6 Bxc6 25. Rxc6 Kf8 26. g4 Ke7 27. Rc4 Bd6 28. Nd2 Ra8 29. Ne4 Kd7 30. Kg2 Ra5 31. h4 f5 32. gxf5 Rxf5 33. Ng3 Ra5 34. Kf3 Be7 35. Kg4 c5 36. Nh5 g6 37. Nf4 Bxh4 38. Nd3 Be7 39. Ne5+ Kd6 40. Nxg6 h5+ 41. Kf3 Bf6 42. Rxc5 Rxc5 43. dxc5+ Kxc5 44. Nf4 Kd6 45. Nxh5 Be5 46. Nf4 Bc3 47. Nd3 Bh8 48. Ke4 Bc3 49. Kf4 Bf6 50. e4 Bd4 51. Kg5 Ke7 52. Kg6 Ba7 53. f3 Bd4 54. Nb4 Bc3 55. Nd3 Bd4 56. Nf4 Be5 57. Nh3 Bd4 58. Ng5 Be5 59. Nf7 Bf4 60. Kg7 Bd2 61. Nh6 Bc3+ 62. Kg6 Be5 63. Ng8+ Kf8 64. Nf6 Ke7 65. Ng4 Bf4 66. Nf2 Be3 67. Nd3 Bd4 68. Kg5 Be3+ 69. Kg4 Kf6 70. Kg3 Ke7 71. Kg2 Kf6 72. Kf1 Bd4 73. Ke2 Ke7 74. Kd2 Kf6 75. Kc2 Kg5 76. Kb3 Kh4 77. Kc4 Be3 78. Nc5 Kg3 79. Nxe6 Kxf3 80. Kd5 Kg4 81. e5 Kf5 82. Nf8 Bh6 83. Nd7 Bg5 84. e6 Be7 85. Ne5 Kf6 86. Ng4+ Kf5 87. Ne3+ Kf6 88. Nc2 Bf8 89. Nd4 Ke7 90. Nf5+ Kf6 91. Nd4 Ke7 92. Nb5 Kf6 93. Nc7 Ke7 94. Ke5 Bg7+ 95. Kf5 Bb2 96. Nd5+ Ke8 97. Ke4 Ba3 98. Kd4 Bf8 99. Ke4 Bd6 100. Kf5 Ba3 101. Nc7+ Ke7 102. Nb5 Bb2 103. Nc7 Ba3 104. Nd5+ Ke8 105. Ke5 Bb2+ 106. Kd6 Ba3+ 1/2-1/2

[Event "Moscow op-A 15th"]
[Site "Moscow"]
[Date "2019.01.31"]
[Round "6"]
[White "Gabrielian, Artur"]
[Black "Marchuk, Rostislav"]
[Result "1-0"]
[WhiteElo "2490"]
[BlackElo "2165"]
[PlyCount "93"]
[EventDate "2019.01.26"]
[EventType "swiss"]
[EventRounds "9"]
[EventCountry "RUS"]
[SourceTitle "CBM 188 Extra"]
[Source "ChessBase"]
[SourceDate "2019.02.26"]
[SourceVersion "1"]
[SourceVersionDate "2019.02.26"]
[SourceQuality "1"]

1. Nf3 d5 2. g3 Nf6 3. Bg2 c6 4. 0-0 Bg4 5. d3 Nbd7 6. c4 e6 7. Qb3 Qb6 8. Qc2 Be7 9. Nc3 0-0 10. b3 Qa6 11. a4 h6 12. Bd2 Rac8 13. Qb2 e5 14. cxd5 cxd5 15. Nb5 e4 16. dxe4 dxe4 17. Nfd4 Ne5 18. Rac1 Nc6 19. Bc3 Rfd8 20. h3 Bd7 21. Nxc6 bxc6 22. Na3 Be6 23. Be5 Nd7 24. Nc4 f6 25. Bd6 Bxd6 26. Nxd6 Rb8 27. Nxe4 Bxb3 28. Nc3 Nc5 29. Qa3 Qa5 30. Bxc6 Rb6 31. Nd5 Bxd5 32. Rxc5 Qd2 33. Bxd5+ Rxd5 34. Rc8+ Kh7 35. Qf8 Rg5 36. Qg8+ Kg6 37. Qe8+ Kh7 38. h4 Re5 39. Qg8+ Kg6 40. Rc7 Qxe2 41. Rxg7+ Kf5 42. Qh7+ Ke6 43. Rxa7 Qd2 44. Qf7+ Kf5 45. Qh5+ Ke4 46. Qg4+ Kd5 47. Kg2 1-0

[Event "Moscow op-A 15th"]
[Site "Moscow"]
[Date "2019.01.29"]
[Round "4"]
[White "Marchuk, Rostislav"]
[Black "Cherepanov, Vladislav"]
[Result "0-1"]
[WhiteElo "2165"]
[BlackElo "2333"]
[PlyCount "52"]
[EventDate "2019.01.26"]
[EventType "swiss"]
[EventRounds "9"]
[EventCountry "RUS"]
[SourceTitle "CBM 188 Extra"]
[Source "ChessBase"]
[SourceDate "2019.02.26"]
[SourceVersion "1"]
[SourceVersionDate "2019.02.26"]
[SourceQuality "1"]

1. d4 Nf6 2. Bf4 g6 3. e3 Bg7 4. Nf3 d6 5. h3 0-0 6. Be2 Nbd7 7. 0-0 b6 8. c4 Bb7 9. Nc3 Ne4 10. Qc2 Nxc3 11. Qxc3 e5 12. Bh2 exd4 13. exd4 Re8 14. Qd2 Qf6 15. Rfe1 Re4 16. Rad1 Rae8 17. b3 a5 18. Bg3 h6 19. Kf1 Kf8 20. d5 Nc5 21. Rb1 Bc8 22. a3 Bf5 23. b4 axb4 24. axb4 Rxe2 25. Rxe2 Rxe2 26. Kxe2 Ne4 0-1

[Event "Moscow op-A 15th"]
[Site "Moscow"]
[Date "2019.01.28"]
[Round "3"]
[White "Ovchinnikov, Vsevolod"]
[Black "Marchuk, Rostislav"]
[Result "1-0"]
[WhiteElo "2329"]
[BlackElo "2165"]
[PlyCount "79"]
[EventDate "2019.01.26"]
[EventType "swiss"]
[EventRounds "9"]
[EventCountry "RUS"]
[SourceTitle "CBM 188 Extra"]
[Source "ChessBase"]
[SourceDate "2019.02.26"]
[SourceVersion "1"]
[SourceVersionDate "2019.02.26"]
[SourceQuality "1"]

1. d4 d5 2. c4 e6 3. Nf3 Nf6 4. g3 Bb4+ 5. Bd2 Bd6 6. Nc3 0-0 7. Bg5 c6 8. Bg2 Nbd7 9. e4 Be7 10. e5 Ne8 11. Bxe7 Qxe7 12. cxd5 exd5 13. 0-0 f6 14. exf6 Qxf6 15. Qd2 Nd6 16. Rae1 Nb6 17. b3 Be6 18. Ne5 Rae8 19. f4 Nf7 20. g4 g6 21. h3 Nxe5 22. dxe5 Qe7 23. Qd3 Qd7 24. Ne2 Nc8 25. Ng3 Ne7 26. f5 gxf5 27. Nh5 Ng6 28. Nf6+ Rxf6 29. exf6 f4 30. Rf2 Kf7 31. Qd4 b6 32. Rxf4 c5 33. Qf2 Qd6 34. Rf3 d4 35. Bf1 Ne5 36. Rf4 Bd5 37. Qh4 Nf3+ 38. Rxf3 Bxf3 39. Qxh7+ Kxf6 40. Qh6+ 1-0

[Event "RUS-ch Eurasia Cup op"]
[Site "Ekaterinburg"]
[Date "2018.08.04"]
[Round "4"]
[White "Obgolts, Erik"]
[Black "Marchuk, Rostislav"]
[Result "1/2-1/2"]
[WhiteElo "2334"]
[BlackElo "2155"]
[PlyCount "64"]
[EventDate "2018.08.01"]
[EventType "swiss"]
[EventRounds "9"]
[EventCountry "RUS"]
[SourceTitle "CBM 185 Extra"]
[Source "ChessBase"]
[SourceDate "2018.07.29"]
[SourceVersion "1"]
[SourceVersionDate "2018.07.29"]
[SourceQuality "1"]

1. d4 d5 2. Nf3 Nf6 3. Bf4 c5 4. e3 Nc6 5. Nbd2 Qb6 6. dxc5 Qxb2 7. Rb1 Qc3 8. Bb5 e6 9. 0-0 Qxc5 10. c4 Bd7 11. Nb3 Qa3 12. Nbd4 Bc5 13. Ne5 Bxd4 14. Nxd7 Nxd7 15. cxd5 exd5 16. Bxc6 bxc6 17. Qxd4 0-0 18. Rb7 Rfd8 19. Rc7 Nf8 20. Rxc6 Ne6 21. Qe5 Qxa2 22. Rxe6 fxe6 23. Qxe6+ Kh8 24. Be5 Re8 25. Qc6 Qc4 26. Qb7 Qg4 27. h3 Qg5 28. f4 Qe7 29. Qa6 Qe6 30. Qb7 Qe7 31. Qa6 Qe6 32. Qb7 Qe7 1/2-1/2

[Event "RUS-ch Eurasia Cup op"]
[Site "Ekaterinburg"]
[Date "2018.08.03"]
[Round "3"]
[White "Marchuk, Rostislav"]
[Black "Fotin, Vladimir"]
[Result "1/2-1/2"]
[WhiteElo "2155"]
[BlackElo "2359"]
[PlyCount "113"]
[EventDate "2018.08.01"]
[EventType "swiss"]
[EventRounds "9"]
[EventCountry "RUS"]
[SourceTitle "CBM 185 Extra"]
[Source "ChessBase"]
[SourceDate "2018.07.29"]
[SourceVersion "1"]
[SourceVersionDate "2018.07.29"]
[SourceQuality "1"]

1. d4 Nf6 2. Nf3 g6 3. c4 Bg7 4. Nc3 0-0 5. Bg5 d6 6. e3 c6 7. Be2 a6 8. h3 b5 9. a3 Nbd7 10. 0-0 Nb6 11. Nd2 Be6 12. b3 Qc7 13. Qc2 bxc4 14. bxc4 Rab8 15. c5 Nbd7 16. Bf4 Rfd8 17. Bh2 Nf8 18. Bxa6 Qa5 19. cxd6 exd6 20. Bc4 c5 21. Nb3 Qa7 22. d5 Bc8 23. Qd3 Ne8 24. Ra2 Ba6 25. Bxa6 Rxb3 26. Nb5 Rxd3 27. Nxa7 Rb3 28. Nc6 Ra8 29. Be2 Rbxa3 30. Rxa3 Rxa3 31. Rb1 Ra1 32. Ne7+ Kh8 33. Rxa1 Bxa1 34. Nc8 Be5 35. f4 Bb2 36. Bb5 Nf6 37. Nxd6 Nxd5 38. Kf2 f5 39. Kf3 h5 40. Bg3 Bf6 41. Be1 Nc3 42. Bc6 Kh7 43. g4 hxg4+ 44. hxg4 fxg4+ 45. Kxg4 Ne6 46. e4 Ne2 47. Bd2 Bc3 48. f5 gxf5+ 49. exf5 N6d4 50. Bxc3 Nxc3 51. Ba8 Ncb5 52. Nc4 Nc7 53. Be4 Kg7 54. Nd6 Kf6 55. Kf4 Ne2+ 56. Ke3 Nd4 57. Kf4 1/2-1/2

[Event "Moscow op-A 14th"]
[Site "Moscow"]
[Date "2018.01.30"]
[Round "4"]
[White "Avalyan, Artur"]
[Black "Marchuk, Rostislav"]
[Result "1-0"]
[WhiteElo "2319"]
[BlackElo "2143"]
[PlyCount "73"]
[EventDate "2018.01.27"]
[EventType "swiss"]
[EventRounds "9"]
[EventCountry "RUS"]
[SourceTitle "CBM 182 Extra"]
[Source "ChessBase"]
[SourceDate "2018.02.23"]
[SourceVersion "1"]
[SourceVersionDate "2018.02.23"]
[SourceQuality "1"]

1. d4 d5 2. c4 e6 3. Nf3 Nf6 4. g3 Bb4+ 5. Bd2 Bd6 6. Bg2 c6 7. 0-0 0-0 8. Nc3 Nbd7 9. b3 b6 10. e4 Be7 11. e5 Ne8 12. cxd5 cxd5 13. a4 Nc7 14. Qe2 a6 15. Ne1 f5 16. exf6 Bxf6 17. Nf3 Nb8 18. Bf4 Nc6 19. Rad1 g5 20. Bc1 b5 21. Ne5 Nxe5 22. dxe5 Be7 23. Ne4 Bd7 24. Nf6+ Bxf6 25. exf6 Qxf6 26. f4 g4 27. Qxg4+ Qg6 28. Qe2 Ne8 29. Rxd5 exd5 30. Bxd5+ Be6 31. Bxa8 Bxb3 32. axb5 Nc7 33. Be4 Qb6+ 34. Kg2 axb5 35. Qg4+ Kf7 36. Qd7+ Kf6 37. Bb2+ 1-0

[Event "Moscow op-A 13th"]
[Site "Moscow"]
[Date "2017.02.04"]
[Round "8"]
[White "Marchuk, Rostislav"]
[Black "Avalyan, Artur"]
[Result "0-1"]
[WhiteElo "2218"]
[BlackElo "2117"]
[PlyCount "56"]
[EventDate "2017.01.28"]
[EventType "swiss"]
[EventRounds "9"]
[EventCountry "RUS"]
[SourceTitle "EXT 2018"]
[Source "ChessBase"]
[SourceDate "2017.10.13"]
[SourceVersion "1"]
[SourceVersionDate "2017.10.13"]
[SourceQuality "1"]

1. d4 Nf6 2. Nf3 e6 3. e3 b6 4. Bd3 Bb7 5. Nbd2 d5 6. 0-0 Be7 7. b3 c5 8. Bb2 cxd4 9. exd4 0-0 10. Qe2 Nc6 11. a3 Rc8 12. Ne5 Qc7 13. Rac1 Bd6 14. f4 Qe7 15. Rcd1 Ne8 16. f5 Nf6 17. fxe6 fxe6 18. c4 Rcd8 19. b4 Bb8 20. cxd5 Nxe5 21. dxe5 Nxd5 22. Be4 Nf4 23. Qe3 Qg5 24. Rf2 Nh3+ 25. Qxh3 Rxf2 26. Qxh7+ Kf7 27. Rf1 Rxf1+ 28. Nxf1 Rd1 0-1